Sports Quiz

Random Sports Quiz

Leeds players 1992-2004 Quiz Stats

 Plays Quiz not verified by Sporcle

Support Sporcle.
Go Orange.
Score 0/112 Timer 12:00
0 Plays Today
Years Name of player % Correct
2000-2004Mark Viduka (130 games, 59 goals)
95.1%
1995-2003Harry Kewell (181 games, 45 goals)
94.9%
1998-2004Alan Smith (172 games, 38 goals)
93.3%
1992-2004Gary Kelly (323 games, 2 goals)
92.6%
1994-2004Lucas Radebe (206 games)
92%
1992-1993, 98-04David Batty (128 games, 1 goal)
91.2%
1997-2004Paul Robinson (95 games)
91%
1995-2004Ian Harte (213 games, 28 goals)
90.8%
1999-2004Eirik Bakke (128 games, 8 goals)
89.4%
1996-2003Nigel Martyn (207 games)
88.5%
1996-2003Lee Bowyer (203 games, 38 goals)
88.3%
2000-2002Rio Ferdinand (54 games, 2 goals)
88.2%
1995-1997Tony Yeboah (47 games, 24 goals)
87.5%
1992-1996Gary Speed (141 games, 22 goals)
85.7%
1992Eric Cantona (13 games, 3 goals)
85.3%
1998-2003Jonathan Woodgate (104 games, 4 goals)
85%
2000-2002Robbie Keane (46 games, 13 goals)
83.6%
2001-2003Robbie Fowler (30 games, 14 goals)
82.9%
1992-1996Gary McAllister (150 games, 25 goals)
82.5%
1997-1999Jimmy Floyd Hasselbaink (69 games, 34 goals)
81.6%
2000-2003Olivier Dacourt (57 games, 3 goals)
81.4%
1992-1995Gordon Strachan (64 games, 7 goals)
78.3%
1995-1997Tomas Brolin (19 games, 4 goals)
77%
1997-2000Alf-Inge Haaland (74 games, 8 goals)
75.8%
2001-2004Seth Johnson (55 games, 3 goals)
75.4%
1992-1996John Lukic (129 games)
75.3%
1992-1998Rod Wallace (178 games, 42 goals)
74.6%
1992-1994Ray Wallace (7 games)
73%
2000-2004Dominic Matteo (115 games, 2 goals)
72.8%
1999-2004Michael Bridges (46 games, 19 goals)
72.4%
2000-2004Simon Johnson (9 games)
72.3%
1992-1993, 95-96Lee Chapman (42 games, 13 goals)
71.4%
2002-2004James Milner (48 games, 5 goals)
71.4%
1996-1997Ian Rush (36 games, 3 goals)
70.7%
1999-2004Danny Mills (101 games, 3 goals)
70.5%
1992-1997Tony Dorigo (132 games, 2 goals)
70%
1997-2000Matt Jones (23 games)
68.6%
1996-1999Gunnar Halle (70 games, 4 goals)
68.2%
Years Name of player % Correct
1994-1996Phil Masinga (31 games, 5 goals)
67.3%
1999-2004Jason Wilcox (81 games, 4 goals)
66.6%
2003-2004Roque Junior (5 games)
64.7%
1993-1997Brian Deane (137 games, 32 goals)
63.4%
1992-1999David Wetherall (200 games, 11 goals)
61.8%
1997-2000David Hopkin (73 games, 6 goals)
61.5%
2002-2004Nick Barmby (25 games, 4 goals)
61.3%
1999-2005Michael Duberry (58 games, 4 goals)
61%
1994-1997Carlton Palmer (102 games, 5 goals)
61%
1996-2004Stephen McPhail (78 games, 3 goals)
60.4%
1992-1995Kevin Sharp (17 games)
59%
1992-1995Chris Fairclough (75 games, 7 goals)
58%
1992-1993Chris Whyte (34 games, 1 goal)
58%
1997-2000Robert Molenaar (51 games, 5 goals)
57.8%
2003-2004Aaron Lennon (11 games)
57.4%
1996-1999Lee Sharpe (30 games, 5 goals)
56.4%
1993-1995David White (42 games, 9 goals)
54.2%
1992-1993Mel Sterland (3 games)
53.9%
1999-2000Darren Huckerby (40 games, 2 goals)
53.2%
1997-1998Bruno Ribeiro (42 games, 4 goals)
52.7%
1998-1999Martin Hiden (26 games)
52.5%
2002-2003Teddy Lucic (17 games, 1 goal)
50.7%
1993-1999Mark Beeney (35 games)
50.4%
2000-2003Jacob Burns (6 games)
49.8%
1994-1996Nigel Worthington (43 games, 1 goal)
49.6%
2003Raul Bravo (5 games)
48.9%
2003-2004Lamine Sakho (17 games, 1 goal)
48.8%
1998-1999Clyde Wijnhard (18 games, 3 goals)
47.7%
1999-2002Danny Hay (4 games)
47%
1992-1994Steve Hodge (31 games, 3 goals)
46.3%
2002-2003Paul Okon (15 games)
46.1%
1993-1995Noel Whelan (48 games, 7 goals)
46.1%
2003-2004Zoumana Camara (13 games, 1 goal)
45.4%
2003-2004Scott Carson (3 games)
44.9%
1992-1993David Rocastle (25 games, 2 goals)
44.5%
1997-2000David Robertson (26 games)
44%
1993-1994David O'Leary (10 games)
43.1%
1995-1998Andy Gray (22 games)
42.9%
Years Name of player % Correct
2003-2004Jermaine Pennant (36 games, 2 goals)
42.8%
2003-2004Salomon Olembe (12 games)
42.4%
1999Willem Korsten (7 games, 2 goals)
41.7%
1993-1994Frank Strandli (14 games, 2 goals)
41.3%
1992-1994Jon Newsome (66 games, 1 goal)
41.2%
1992-1993Carl Shutt (14 games)
39.8%
2003-2004Didier Domi (12 games)
39.4%
1999-2004Frazer Richardson (4 games)
38.2%
1993-1997Mark Ford (29 games, 1 goal)
38.2%
2004Steven Caldwell (13 games, 1 goal)
36.2%
1995-2001Alan Maybury (14 games)
36%
1993-1997John Pemberton (53 games)
35.9%
2003Cyril Chapuis (1 game)
33.6%
2001-2004Matthew Kilgallon (10 games, 2 goals)
33.2%
1992-1993Mervyn Day (2 games)
33%
1995-1997Paul Beesley (22 games)
32.2%
1995-1998Richard Jobson (22 games, 1 goal)
32%
1992-1995Jamie Forrester (9 games)
32%
1996Mark Hateley (6 games)
32%
1993-1997Andy Couzens (28 games, 1 goal)
31.6%
1996-2000Derek Lilley (21 games, 1 goal)
31.4%
2003-2004Jody Morris (12 games)
30.4%
1997-1998Pierre Laurent (4 games)
29.9%
1992-1997Mark Tinkler (16 games)
29.9%
1992-1993Imre Varadi (4 games, 1 goal)
29.7%
1999-2004Jamie McMaster (4 games)
27.9%
1995-2000Mark Jackson (19 games)
27.7%
1992-1993Scott Sellars (7 games)
26.3%
1992-1993Dylan Kerr (5 games)
24.9%
1996-2001Lee Matthews (3 games)
24.2%
1992-1993David Kerslake (8 games)
23.7%
1992-1996Rob Bowman (7 games)
22.1%
1998-2001Gareth Evans (1 game)
20.7%
1998-1999Danny Granville (9 games)
20.7%
1995-1998Jason Blunt (4 games)
18.4%
1996-1999Paul Shepherd (1 game)
12.9%

You're not logged in!

Compare scores with friends on all Sporcle quizzes.
OR
Log In

From the Vault

NBA: Almost Back-to-Back Championship Wins

by Viktrodriguez

These teams should just be thankful they've won a championship.
Remove Ads.
Support Sporcle.
Get the best of Sporcle when you Go Orange. This ad-free experience offers more features, more stats, and more fun while also helping to support Sporcle. Thank you for becoming a member.

Show Comments

Extras

Created Mar 7, 2011ReportNominate
Tags:Leeds United

Top Quizzes Today


Score Distribution

Your Account Isn't Verified!

In order to create a playlist on Sporcle, you need to verify the email address you used during registration. Go to your Sporcle Settings to finish the process.

Report this User

Report this user for behavior that violates our Community Guidelines.

Details: